| 000 | 00546nam a2200181Ia 4500 | ||
|---|---|---|---|
| 003 | GCL | ||
| 008 | 140319s9999 xx 000 0 ara d | ||
| 040 |
_aGCL / _cGCL |
||
| 082 | 0 | 4 |
_a813.03 _bب د |
| 100 | 1 | _aروفايل، بيار | |
| 245 | 1 | 0 |
_aدموع العذارى / _cروفايل، بيار |
| 260 |
_aبيروت : _bدار الجيل ، _c1990 |
||
| 300 |
_a197 ص ؛ _c18 سم |
||
| 490 | _a | ||
| 650 | 0 | 4 | _aالادب الفرنسى المترجم |
| 650 | 0 | 4 | _aالقصص الفرنسية المترجمة |
| 942 |
_2ddc _cBK |
||
| 999 |
_c56100 _d56100 |
||